<?xml version="1.0" encoding="UTF-8"?><marc:collection xmlns:marc="http://www.loc.gov/MARC21/slim">
  <marc:record>
    <marc:leader>04629nas a2200649 c 4500</marc:leader>
    <marc:controlfield tag="001">010026959</marc:controlfield>
    <marc:controlfield tag="003">DE-101</marc:controlfield>
    <marc:controlfield tag="005">20250709212651.0</marc:controlfield>
    <marc:controlfield tag="007">tu</marc:controlfield>
    <marc:controlfield tag="008">991118d19421987xxuu||p|  ||| 1||||1eng c</marc:controlfield>
    <marc:datafield tag="016" ind1="7" ind2=" ">
      <marc:subfield code="2">DE-600</marc:subfield>
      <marc:subfield code="a">1997-5</marc:subfield>
    </marc:datafield>
    <marc:datafield tag="016" ind1="7" ind2=" ">
      <marc:subfield code="2">DE-101</marc:subfield>
      <marc:subfield code="a">010026959</marc:subfield>
    </marc:datafield>
    <marc:datafield tag="022" ind1=" " ind2=" ">
      <marc:subfield code="a">0014-9446</marc:subfield>
    </marc:datafield>
    <marc:datafield tag="030" ind1=" " ind2=" ">
      <marc:subfield code="a">FEPRA</marc:subfield>
    </marc:datafield>
    <marc:datafield tag="035" ind1=" " ind2=" ">
      <marc:subfield code="a">(DE-599)ZDB1997-5</marc:subfield>
    </marc:datafield>
    <marc:datafield tag="035" ind1=" " ind2=" ">
      <marc:subfield code="a">(OCoLC)260173543</marc:subfield>
    </marc:datafield>
    <marc:datafield tag="040" ind1=" " ind2=" ">
      <marc:subfield code="a">9001</marc:subfield>
      <marc:subfield code="b">ger</marc:subfield>
      <marc:subfield code="c">DE-101</marc:subfield>
      <marc:subfield code="d">9999</marc:subfield>
    </marc:datafield>
    <marc:datafield tag="041" ind1=" " ind2=" ">
      <marc:subfield code="a">eng</marc:subfield>
    </marc:datafield>
    <marc:datafield tag="042" ind1=" " ind2=" ">
      <marc:subfield code="a">zdb</marc:subfield>
    </marc:datafield>
    <marc:datafield tag="044" ind1=" " ind2=" ">
      <marc:subfield code="c">XD-US</marc:subfield>
    </marc:datafield>
    <marc:datafield tag="082" ind1="7" ind2="4">
      <marc:subfield code="a">570</marc:subfield>
      <marc:subfield code="q">DE-101</marc:subfield>
      <marc:subfield code="2">22sdnb</marc:subfield>
    </marc:datafield>
    <marc:datafield tag="083" ind1="7" ind2=" ">
      <marc:subfield code="a">570</marc:subfield>
      <marc:subfield code="q">DE-600</marc:subfield>
      <marc:subfield code="2">22sdnb</marc:subfield>
    </marc:datafield>
    <marc:datafield tag="084" ind1=" " ind2=" ">
      <marc:subfield code="a">BIODIV</marc:subfield>
      <marc:subfield code="q">DE-30</marc:subfield>
      <marc:subfield code="2">fid</marc:subfield>
    </marc:datafield>
    <marc:datafield tag="090" ind1=" " ind2=" ">
      <marc:subfield code="n">de</marc:subfield>
    </marc:datafield>
    <marc:datafield tag="110" ind1="2" ind2=" ">
      <marc:subfield code="0">(DE-588)5279-6</marc:subfield>
      <marc:subfield code="0">https://d-nb.info/gnd/5279-6</marc:subfield>
      <marc:subfield code="0">(DE-101)000052795</marc:subfield>
      <marc:subfield code="a">Federation of American Societies for Experimental Biology</marc:subfield>
      <marc:subfield code="e">Verfasser</marc:subfield>
      <marc:subfield code="4">aut</marc:subfield>
      <marc:subfield code="2">gnd</marc:subfield>
    </marc:datafield>
    <marc:datafield tag="210" ind1="0" ind2="0">
      <marc:subfield code="a">Fed. Proc.</marc:subfield>
    </marc:datafield>
    <marc:datafield tag="210" ind1="0" ind2="0">
      <marc:subfield code="a">Fed Proc Fed Am Soc Exp Biol</marc:subfield>
    </marc:datafield>
    <marc:datafield tag="245" ind1="1" ind2="0">
      <marc:subfield code="a">Federation proceedings / Federation of American Societies for Experimental Biology</marc:subfield>
      <marc:subfield code="b">annual meeting</marc:subfield>
      <marc:subfield code="c">Milton O. Lee, manag. ed</marc:subfield>
    </marc:datafield>
    <marc:datafield tag="246" ind1="3" ind2=" ">
      <marc:subfield code="a">Annual meeting</marc:subfield>
    </marc:datafield>
    <marc:datafield tag="264" ind1="3" ind2="1">
      <marc:subfield code="a">Washington, DC</marc:subfield>
      <marc:subfield code="b">Federation</marc:subfield>
      <marc:subfield code="c">1942-1987</marc:subfield>
    </marc:datafield>
    <marc:datafield tag="336" ind1=" " ind2=" ">
      <marc:subfield code="a">Text</marc:subfield>
      <marc:subfield code="b">txt</marc:subfield>
      <marc:subfield code="2">rdacontent</marc:subfield>
    </marc:datafield>
    <marc:datafield tag="337" ind1=" " ind2=" ">
      <marc:subfield code="a">ohne Hilfsmittel zu benutzen</marc:subfield>
      <marc:subfield code="b">n</marc:subfield>
      <marc:subfield code="2">rdamedia</marc:subfield>
    </marc:datafield>
    <marc:datafield tag="338" ind1=" " ind2=" ">
      <marc:subfield code="a">Band</marc:subfield>
      <marc:subfield code="b">nc</marc:subfield>
      <marc:subfield code="2">rdacarrier</marc:subfield>
    </marc:datafield>
    <marc:datafield tag="362" ind1="0" ind2=" ">
      <marc:subfield code="a">1.1942 - 46.1987,8</marc:subfield>
    </marc:datafield>
    <marc:datafield tag="363" ind1="0" ind2="0">
      <marc:subfield code="8">1.1\x</marc:subfield>
      <marc:subfield code="a">1</marc:subfield>
      <marc:subfield code="i">1942</marc:subfield>
    </marc:datafield>
    <marc:datafield tag="363" ind1="1" ind2="0">
      <marc:subfield code="8">1.2\x</marc:subfield>
      <marc:subfield code="a">46</marc:subfield>
      <marc:subfield code="i">1987</marc:subfield>
    </marc:datafield>
    <marc:datafield tag="591" ind1=" " ind2=" ">
      <marc:subfield code="a">C</marc:subfield>
    </marc:datafield>
    <marc:datafield tag="650" ind1=" " ind2="7">
      <marc:subfield code="0">(DE-588)4308402-3</marc:subfield>
      <marc:subfield code="0">https://d-nb.info/gnd/4308402-3</marc:subfield>
      <marc:subfield code="0">(DE-101)043084028</marc:subfield>
      <marc:subfield code="a">Experimentelle Biologie</marc:subfield>
      <marc:subfield code="9">rswk-swf</marc:subfield>
      <marc:subfield code="2">gnd</marc:subfield>
    </marc:datafield>
    <marc:datafield tag="655" ind1=" " ind2="7">
      <marc:subfield code="0">(DE-588)4067488-5</marc:subfield>
      <marc:subfield code="0">https://d-nb.info/gnd/4067488-5</marc:subfield>
      <marc:subfield code="0">(DE-101)040674886</marc:subfield>
      <marc:subfield code="a">Zeitschrift</marc:subfield>
      <marc:subfield code="2">gnd-content</marc:subfield>
    </marc:datafield>
    <marc:datafield tag="655" ind1=" " ind2="7">
      <marc:subfield code="0">(DE-588)1071861417</marc:subfield>
      <marc:subfield code="0">https://d-nb.info/gnd/1071861417</marc:subfield>
      <marc:subfield code="0">(DE-101)1071861417</marc:subfield>
      <marc:subfield code="a">Konferenzschrift</marc:subfield>
      <marc:subfield code="2">gnd-content</marc:subfield>
    </marc:datafield>
    <marc:datafield tag="655" ind1=" " ind2="7">
      <marc:subfield code="a">Zeitschrift</marc:subfield>
      <marc:subfield code="9">rswk-swf</marc:subfield>
      <marc:subfield code="2">gnd</marc:subfield>
    </marc:datafield>
    <marc:datafield tag="689" ind1="0" ind2="0">
      <marc:subfield code="0">(DE-588)4308402-3</marc:subfield>
      <marc:subfield code="0">https://d-nb.info/gnd/4308402-3</marc:subfield>
      <marc:subfield code="0">(DE-101)043084028</marc:subfield>
      <marc:subfield code="D">s</marc:subfield>
      <marc:subfield code="a">Experimentelle Biologie</marc:subfield>
    </marc:datafield>
    <marc:datafield tag="689" ind1="0" ind2="1">
      <marc:subfield code="A">f</marc:subfield>
      <marc:subfield code="a">Zeitschrift</marc:subfield>
    </marc:datafield>
    <marc:datafield tag="689" ind1="0" ind2=" ">
      <marc:subfield code="5">DE-600</marc:subfield>
      <marc:subfield code="5">DE-600</marc:subfield>
    </marc:datafield>
    <marc:datafield tag="770" ind1="0" ind2="8">
      <marc:subfield code="i">Supplement</marc:subfield>
      <marc:subfield code="n">Darin teils</marc:subfield>
      <marc:subfield code="a">American Society of Biological Chemists</marc:subfield>
      <marc:subfield code="t">Abstracts / American Society of Biological Chemists</marc:subfield>
      <marc:subfield code="d">[Wechselnde Erscheinungsorte] : [Verlag nicht ermittelbar], 1980-1982</marc:subfield>
      <marc:subfield code="w">(DE-600)984755-8</marc:subfield>
      <marc:subfield code="w">(DE-101)015235505</marc:subfield>
    </marc:datafield>
    <marc:datafield tag="770" ind1="0" ind2="8">
      <marc:subfield code="i">Supplement</marc:subfield>
      <marc:subfield code="n">Darin teils</marc:subfield>
      <marc:subfield code="a">American Association of Immunologists</marc:subfield>
      <marc:subfield code="t">Abstracts / American Association of Immunologists. Federation of American Societies for Experimental Biology, FASEB</marc:subfield>
      <marc:subfield code="d">Bethesda, Md. : [Verlag nicht ermittelbar], 1978-1978</marc:subfield>
      <marc:subfield code="w">(DE-600)51237-0</marc:subfield>
      <marc:subfield code="w">(DE-101)010449086</marc:subfield>
    </marc:datafield>
    <marc:datafield tag="785" ind1="0" ind2="0">
      <marc:subfield code="i">Forts.:</marc:subfield>
      <marc:subfield code="a">Federation of American Societies for Experimental Biology</marc:subfield>
      <marc:subfield code="t">&#152;The&#156; FASEB journal</marc:subfield>
      <marc:subfield code="d">Bethesda, Md. : FASEB, 1987-2018</marc:subfield>
      <marc:subfield code="x">0892-6638</marc:subfield>
      <marc:subfield code="w">(DE-600)639186-2</marc:subfield>
      <marc:subfield code="w">(DE-101)013725289</marc:subfield>
    </marc:datafield>
    <marc:datafield tag="787" ind1="0" ind2="8">
      <marc:subfield code="i">Einzelne H. zugl. Bd. von</marc:subfield>
      <marc:subfield code="a">Federation of American Societies for Experimental Biology</marc:subfield>
      <marc:subfield code="t">Federation proceedings / Supplement / Federation of American Societies for Experimental Biology</marc:subfield>
      <marc:subfield code="d">Washington, DC : Federation, 1957-1965</marc:subfield>
      <marc:subfield code="w">(DE-600)220458-7</marc:subfield>
      <marc:subfield code="w">(DE-101)011299525</marc:subfield>
    </marc:datafield>
    <marc:datafield tag="787" ind1="0" ind2="8">
      <marc:subfield code="i">5=13; 20,1=45; 35,3=60; 36,3=61; 37,3=62 usw. von</marc:subfield>
      <marc:subfield code="a">Federation of American Societies for Experimental Biology</marc:subfield>
      <marc:subfield code="t">Abstracts of papers / Federation of American Societies for Experimental Biology</marc:subfield>
      <marc:subfield code="d">Hagerstown, Md. : [Verlag nicht ermittelbar], 1946-1988</marc:subfield>
      <marc:subfield code="w">(DE-600)763468-7</marc:subfield>
      <marc:subfield code="w">(DE-101)01416423X</marc:subfield>
    </marc:datafield>
    <marc:datafield tag="787" ind1="0" ind2="8">
      <marc:subfield code="i">20,1,3=5 von</marc:subfield>
      <marc:subfield code="a">International Congress of Nutrition</marc:subfield>
      <marc:subfield code="t">Proceedings of the ... International Congress of Nutrition</marc:subfield>
      <marc:subfield code="d">[Wechselnde Erscheinungsorte] : [Verlag nicht ermittelbar], 1961-1986</marc:subfield>
      <marc:subfield code="x">0074-381X</marc:subfield>
      <marc:subfield code="w">(DE-600)145123-6</marc:subfield>
      <marc:subfield code="w">(DE-101)010856730</marc:subfield>
    </marc:datafield>
    <marc:datafield tag="787" ind1="0" ind2="8">
      <marc:subfield code="i">32,12=5 von</marc:subfield>
      <marc:subfield code="t">Animal models for biomedical research</marc:subfield>
      <marc:subfield code="d">Washington, DC : Inst., 1968-</marc:subfield>
      <marc:subfield code="w">(DE-600)950280-4</marc:subfield>
      <marc:subfield code="w">(DE-101)015082423</marc:subfield>
    </marc:datafield>
    <marc:datafield tag="787" ind1="0" ind2="8">
      <marc:subfield code="i">33,5,2=18; 39,6=24 von</marc:subfield>
      <marc:subfield code="a">Biophysical Society</marc:subfield>
      <marc:subfield code="t">Program and abstracts / Biophysical Society</marc:subfield>
      <marc:subfield code="d">[Wechselnde Erscheinungsorte] : Soc., [1963-1999]</marc:subfield>
      <marc:subfield code="x">0523-6800</marc:subfield>
      <marc:subfield code="w">(DE-600)127363-2</marc:subfield>
      <marc:subfield code="w">(DE-101)01072186X</marc:subfield>
    </marc:datafield>
    <marc:datafield tag="787" ind1="0" ind2="8">
      <marc:subfield code="i">33,5,2=65 von</marc:subfield>
      <marc:subfield code="a">American Society of Biological Chemists</marc:subfield>
      <marc:subfield code="t">Program and abstracts / American Society of Biological Chemists, ASBC ; Federation of American Societies for Experimental Biology, FASEB</marc:subfield>
      <marc:subfield code="d">Bethesda, Md. : [Verlag nicht ermittelbar], 1971-1979</marc:subfield>
      <marc:subfield code="w">(DE-600)1298118-7</marc:subfield>
      <marc:subfield code="w">(DE-101)018052525</marc:subfield>
    </marc:datafield>
    <marc:datafield tag="787" ind1="0" ind2="8">
      <marc:subfield code="i">35,2=1 von</marc:subfield>
      <marc:subfield code="a">International Conference on Matrix Vesicles</marc:subfield>
      <marc:subfield code="t">Proceedings of the International Conference on Matrix Vesicles</marc:subfield>
      <marc:subfield code="d">[Erscheinungsort nicht ermittelbar] : [Verlag nicht ermittelbar], 1976-</marc:subfield>
      <marc:subfield code="w">(DE-600)1085293-1</marc:subfield>
      <marc:subfield code="w">(DE-101)016160509</marc:subfield>
    </marc:datafield>
    <marc:datafield tag="787" ind1="0" ind2="8">
      <marc:subfield code="i">43,6-7=68 von</marc:subfield>
      <marc:subfield code="a">American Association of Immunologists</marc:subfield>
      <marc:subfield code="t">Abstracts of papers</marc:subfield>
      <marc:subfield code="d">Bethesda, Md. : FASEB, 1974-1984</marc:subfield>
      <marc:subfield code="w">(DE-600)232415-5</marc:subfield>
      <marc:subfield code="w">(DE-101)011390654</marc:subfield>
    </marc:datafield>
    <marc:datafield tag="787" ind1="0" ind2="8">
      <marc:subfield code="i">43,6-7=75 von</marc:subfield>
      <marc:subfield code="a">American Society of Biological Chemists</marc:subfield>
      <marc:subfield code="t">Abstracts of papers</marc:subfield>
      <marc:subfield code="d">Bethesda, Md. : FASEB, 1983-1987</marc:subfield>
      <marc:subfield code="w">(DE-600)232414-3</marc:subfield>
      <marc:subfield code="w">(DE-101)011390646</marc:subfield>
    </marc:datafield>
    <marc:datafield tag="850" ind1=" " ind2=" ">
      <marc:subfield code="a">DE-101b</marc:subfield>
    </marc:datafield>
  </marc:record>
</marc:collection>
